[Event "ICS rated blitz match"]
[Site "204.178.125.65"]
[Date "2000.09.08"]
[Round "?"]
[White "Hossa"]
[Black "Tacita3"]
[Result "1-0"]
[WhiteElo "2555"]
[BlackElo "1943"]
[PlyCount "85"]
[EventDate "2000.??.??"]

1. e4 e5 2. Nf3 Nc6 3. Nc3 Nf6 4. Nxe5 Nxe5 5. d4 Nxe4 6. Nxe4 Ng6 7. c4 d5 8.
Nc3 dxc4 9. Bxc4 Bd6 10. O-O O-O 11. Re1 Qh4 12. g3 Qh3 13. Bf1 Qf5 14. Nb5 Bb4
15. Bd2 Bxd2 16. Qxd2 c6 17. Nd6 Qd7 18. Nxc8 Raxc8 19. Bg2 Rcd8 20. Rad1 Ne7
21. Qa5 a6 22. Qh5 Nd5 23. Bh3 Qd6 24. Qe5 g6 25. a3 Nb6 26. Qe7 Qxe7 27. Rxe7
Rb8 28. f3 Rfd8 29. f4 Nc4 30. Bf1 Nb6 31. Bh3 Nd5 32. Re5 Kg7 33. Bg2 Kf6 34.
Kf2 Rd7 35. Bxd5 Rxd5 36. Rxd5 cxd5 37. Rc1 Re8 38. Rc7 Re4 39. Rxb7 Rxd4 40.
Rb6+ Kf5 41. Ke3 Ra4 42. Kf3 h5 43. h3 {Tacita3 resigns} 1-0

[Event "ICS rated standard match"]
[Site "204.178.125.65"]
[Date "2000.09.08"]
[Round "?"]
[White "Hossa"]
[Black "creep"]
[Result "1-0"]
[WhiteElo "2314"]
[BlackElo "1916"]
[PlyCount "227"]
[EventDate "2000.??.??"]

1. e4 a6 2. d4 b5 3. Nf3 Bb7 4. Bd3 e6 5. O-O Be7 6. a4 b4 7. c3 a5 8. Re1 Nf6
9. e5 Nd5 10. c4 Nb6 11. Kh1 Na6 12. c5 Nd5 13. Qc2 h6 14. h3 Nb8 15. g3 Bg5
16. Nbd2 Ne7 17. Kg1 Bxd2 18. Nxd2 Nbc6 19. Nf3 Nd5 20. Be4 Nde7 21. Bf4 Ra7
22. Red1 Qa8 23. Bd3 Nd8 24. Ne1 Nd5 25. Bd2 Nc6 26. Nf3 Nce7 27. Re1 Ng8 28.
Nh2 Nge7 29. Nf1 Nc6 30. Be3 Nxe3 31. fxe3 Ne7 32. Nh2 Bd5 33. e4 Bb7 34. Rf1
Ng6 35. h4 h5 36. Qe2 Ba6 37. Rf2 Bxd3 38. Qxd3 Qd8 39. Qf3 Qe7 40. Raf1 Rf8
41. Qxh5 Rh8 42. Qf3 Rf8 43. Qg4 c6 44. h5 Nh8 45. Qxg7 Kd8 46. Ng4 Kc7 47. Nf6
Raa8 48. Rf3 Rab8 49. Qg5 Kb7 50. Rb3 Ka8 51. Qf4 Rbc8 52. Re1 Rb8 53. Qf2 Qd8
54. Qf1 Ka7 55. Ra1 Qc8 56. Qf2 Qd8 57. Rf1 Ka8 58. g4 Qe7 59. g5 Qd8 60. Qf4
Qe7 61. Re1 Qd8 62. Qf2 Qe7 63. Rg3 Qd8 64. Rh3 Qe7 65. Rf1 Qd8 66. Qe3 Qe7 67.
Qf4 Qd8 68. Rg3 Qe7 69. Re1 Qd8 70. Qe3 Qe7 71. Rf1 Qd8 72. Qf2 Qe7 73. Kh1 Qd8
74. Rb3 Qe7 75. Qf4 Qd8 76. Qe3 Qe7 77. Kg1 Qd8 78. Qf3 Qe7 79. Rf2 Qd8 80. Qf4
Qe7 81. Qe3 Qd8 82. Re2 Qe7 83. Re1 Qd8 84. Qf3 Qe7 85. Qd3 Ka7 86. Qe3 Ka8 87.
Rd1 Qd8 88. Qf2 Qe7 89. Qf4 Qd8 90. Rb1 Qe7 91. Qe3 Qd8 92. Qf2 Qe7 93. Rg3 Qd8
94. Rh3 Qe7 95. Rd1 Qd8 96. Qf4 Qe7 97. Re1 Qd8 98. Re2 Qe7 99. Rb3 Qd8 100.
Rc2 Qe7 101. Rd2 Qd8 102. Kh1 Qe7 103. Rf2 Qd8 104. Rh2 Qe7 105. Kg1 Qd8 106.
Rhh3 Qe7 107. Rhg3 Qd8 108. Rbf3 Qe7 109. b3 Qd8 110. Rg2 Qe7 111. Rgf2 Qd8
112. Qe3 Qe7 113. Qd3 Qd8 114. Qa6# {creep checkmated} 1-0

[Event "ICS rated standard match"]
[Site "204.178.125.65"]
[Date "2000.09.08"]
[Round "?"]
[White "BarenboimO"]
[Black "Hossa"]
[Result "0-1"]
[WhiteElo "1915"]
[BlackElo "2317"]
[PlyCount "54"]
[EventDate "2000.??.??"]

1. e4 e5 2. Nf3 Nc6 3. Bb5 a6 4. Ba4 Nf6 5. O-O Be7 6. Re1 b5 7. Bb3 d6 8. c3
O-O 9. h3 Bb7 10. d4 Re8 11. Nbd2 Bf8 12. Ng5 Re7 13. Bxf7+ Rxf7 14. Qb3 Qe8
15. Qxf7+ Qxf7 16. Nxf7 Kxf7 17. d5 Ne7 18. a4 c6 19. c4 bxc4 20. Nxc4 Rd8 21.
dxc6 Nxc6 22. f3 Nd4 23. Rd1 Rc8 24. Ne3 Nb3 25. Rb1 Nxe4 26. fxe4 Bxe4 27.
Rf1+ Ke6 {BarenboimO resigns} 0-1

[Event "ICS rated blitz match"]
[Site "204.178.125.65"]
[Date "2000.09.08"]
[Round "?"]
[White "SimenAgdes"]
[Black "Hossa"]
[Result "0-1"]
[WhiteElo "2005"]
[BlackElo "2556"]
[PlyCount "142"]
[EventDate "2000.??.??"]

1. e4 e5 2. Nf3 Nc6 3. Bb5 a6 4. Bxc6 dxc6 5. h3 b6 6. O-O Be6 7. Nc3 f6 8. d4
Bc4 9. Re1 Bb4 10. dxe5 Qxd1 11. Rxd1 Bxc3 12. bxc3 Be2 13. Re1 Bxf3 14. gxf3
fxe5 15. Bg5 Nf6 16. Red1 h6 17. Bh4 O-O 18. Rd3 Nh5 19. Bg3 Nf4 20. Bxf4 Rxf4
21. Rad1 Raf8 22. Kg2 h5 23. Re3 h4 24. Rd7 R4f7 25. Red3 Kh7 26. c4 a5 27. a4
Kg6 28. c3 Kg5 29. c5 b5 30. axb5 cxb5 31. Rxf7 Rxf7 32. Rd5 Kf4 33. c6 Rf6 34.
Rxb5 Rg6+ 35. Kf1 Rxc6 36. Rxa5 Kxf3 37. Rxe5 Rxc3 38. Rf5+ Kxe4 39. Rg5 Rxh3
40. Rxg7 Rc3 41. Kg2 h3+ 42. Kh2 c5 43. Re7+ Kf3 44. Rf7+ Ke2 45. f4 c4 46. f5
Rf3 47. Rc7 c3 48. f6 Kd2 49. f7 c2 50. Rd7+ Kc3 51. Rc7+ Kd3 52. Rd7+ Ke2 53.
Re7+ Kd1 54. Rd7+ Kc1 55. Rc7 Rf6 56. Kxh3 Kd1 57. Rd7+ Ke2 58. Re7+ Kf3 59.
f8=Q Rxf8 60. Kh4 Kf4 61. Kh5 Rf5+ 62. Kg6 Rg5+ 63. Kf6 Rg1 64. Rc7 Rc1 65. Ke6
Re1+ 66. Kd5 Rd1+ 67. Ke6 Rc1 68. Kd5 Ke3 69. Kc4 Rd1 70. Kb3 c1=Q 71. Rxc1
Rxc1 {SimenAgdes resigns} 0-1

[Event "ICS rated blitz match"]
[Site "204.178.125.65"]
[Date "2000.09.08"]
[Round "?"]
[White "PostModernist"]
[Black "Hossa"]
[Result "1/2-1/2"]
[WhiteElo "2688"]
[BlackElo "2557"]
[PlyCount "77"]
[EventDate "2000.??.??"]

1. e4 e6 2. d4 d5 3. Nd2 c5 4. exd5 exd5 5. Ngf3 Nf6 6. Bb5+ Bd7 7. Bxd7+ Nbxd7
8. O-O Be7 9. dxc5 Nxc5 10. Nd4 O-O 11. Nf5 Re8 12. Nxe7+ Rxe7 13. Nf3 Qd6 14.
Be3 Ng4 15. Bxc5 Qxc5 16. Qd4 Qxd4 17. Nxd4 Rae8 18. Rad1 g6 19. c3 Kg7 20. h3
Nf6 21. g4 h6 22. a4 a6 23. a5 Kg8 24. f3 Re5 25. h4 Re3 26. Kg2 h5 27. g5 Nh7
28. Rf2 f6 29. f4 R3e4 30. Kg3 fxg5 31. fxg5 Rg4+ 32. Kh3 Re3+ 33. Nf3 Rf4 34.
Kg2 Rg4+ 35. Kf1 Rf4 36. Kg2 Rg4+ 37. Kh3 Rf4 38. Kg3 Rg4+ 39. Kh3 1/2-1/2

[Event "ICS rated blitz match"]
[Site "204.178.125.65"]
[Date "2000.09.08"]
[Round "?"]
[White "Hossa"]
[Black "PostModernist"]
[Result "0-1"]
[WhiteElo "2563"]
[BlackElo "2682"]
[PlyCount "152"]
[EventDate "2000.??.??"]

1. e4 g6 2. d4 Bg7 3. Nc3 e6 4. f4 Ne7 5. Nf3 O-O 6. Bd3 Nbc6 7. e5 f6 8. O-O
fxe5 9. fxe5 d6 10. exd6 cxd6 11. Ne2 e5 12. Be3 Qb6 13. Bc4+ Kh8 14. c3 Nf5
15. Bf2 exd4 16. Bb3 Ne3 17. Bxe3 dxe3 18. Ng5 Rxf1+ 19. Qxf1 Ne5 20. Qf4 Bd7
21. Rf1 Rf8 22. Qd4 Rxf1+ 23. Kxf1 Bc6 24. Qf4 a5 25. Qh4 h6 26. Ne6 Bxg2+ 27.
Kxg2 Qc6+ 28. Kf1 Qf3+ 29. Kg1 Qxe2 30. Nd4 Nf3+ 31. Nxf3 Qxf3 32. Qg3 Qe2 33.
Qg2 Qd2 34. Qxd2 exd2 35. Kf2 Bf6 36. Ke2 Bg5 37. Bf7 Kg7 38. Bd5 b6 39. b4
axb4 40. cxb4 Bf4 41. h3 Kf6 42. a4 Ke5 43. Bf7 Kd4 44. a5 bxa5 45. bxa5 Kc5
46. a6 Kb6 47. Bc4 g5 48. Kd1 h5 49. Kc2 g4 50. h4 g3 51. Bf1 Ka7 52. Kd1 d5
53. Bg2 d4 54. Bb7 d3 55. Be4 Kxa6 56. Bxd3+ Ka5 57. Be4 Kb4 58. Bg2 Kc3 59.
Bf1 Bd6 60. Bg2 Kd3 61. Bc6 Ke3 62. Bd5 Bb4 63. Bc6 Kf2 64. Be8 g2 65. Bxh5
g1=Q+ 66. Kc2 Qc1+ 67. Kb3 d1=Q+ 68. Bxd1 Qxd1+ 69. Kc4 Qg4+ 70. Kd5 Qxh4 71.
Ke6 Qg3 72. Kf6 Qd6+ 73. Kg7 Qf8+ 74. Kg6 Kg3 75. Kh5 Qf7+ 76. Kh6 Bd2# {
Hossa checkmated} 0-1

[Event "ICS Rated blitz match"]
[Site "204.178.125.65"]
[Date "2000.09.08"]
[Round "?"]
[White "OVI68"]
[Black "Hossa"]
[Result "0-1"]
[WhiteElo "2104"]
[BlackElo "2552"]
[PlyCount "60"]
[EventDate "2000.??.??"]

1. e4 e5 2. Nf3 Nc6 3. Bb5 a6 4. Ba4 Nf6 5. O-O Be7 6. Bxc6 dxc6 7. d3 Nd7 8.
Nbd2 O-O 9. Nc4 f6 10. a4 Nb6 11. Ne3 Be6 12. a5 Nc8 13. Nh4 Bc5 14. Nef5 Qd7
15. Kh1 Ne7 16. f4 Nxf5 17. exf5 Bd5 18. fxe5 fxe5 19. Qg4 Rae8 20. Bd2 e4 21.
Bc3 exd3 22. cxd3 Be3 23. Rae1 Rf7 24. Qg3 Ba7 25. f6 Rxe1 26. Rxe1 Bc5 27.
fxg7 Bf2 28. Qe5 Bxe1 29. Qxe1 Qe7 30. Qxe7 Rf1# {OVI68 checkmated} 0-1

[Event "ICS rated blitz match"]
[Site "204.178.125.65"]
[Date "2000.09.08"]
[Round "?"]
[White "PostModernist"]
[Black "Hossa"]
[Result "1-0"]
[WhiteElo "2678"]
[BlackElo "2567"]
[PlyCount "161"]
[EventDate "2000.??.??"]

1. d4 d5 2. Nf3 Nf6 3. e3 e6 4. Bd3 c5 5. O-O c4 6. Be2 Nc6 7. Nbd2 Bd6 8. c3
b5 9. Qc2 O-O 10. e4 Bc7 11. e5 Nd7 12. b3 f6 13. bxc4 bxc4 14. Ba3 Re8 15.
exf6 Qxf6 16. Rfe1 Rb8 17. Rab1 Rxb1 18. Qxb1 Ba6 19. Qc2 Bf4 20. g3 Bh6 21.
Qa4 Bb7 22. Qb5 Ba8 23. Bd6 Qg6 24. Qb2 e5 25. Bxe5 Ncxe5 26. Nxe5 Nxe5 27.
dxe5 Rxe5 28. Nxc4 Re8 29. Nd2 Rf8 30. Nf3 Qf5 31. a3 Bg5 32. Qb1 Qf6 33. Qd3
Bh6 34. Qd4 Qe7 35. Qb4 Qf6 36. Rb1 d4 37. Qc4+ Kh8 38. Qxd4 Qf5 39. Rb5 Qc2
40. Qb4 g6 41. Rb8 Qf5 42. Rxf8+ Qxf8 43. Nd4 Qxb4 44. axb4 Bd2 45. Nb5 Bc6 46.
Nxa7 Bb7 47. b5 Bxc3 48. Nc6 Bxc6 49. bxc6 Ba5 50. Kg2 Kg7 51. Kf3 Kf6 52. Ke4
Ke7 53. Kd5 Kd8 54. Bd3 Kc7 55. g4 Bd2 56. h4 Be1 57. h5 Bxf2 58. hxg6 hxg6 59.
Bxg6 Be3 60. Be4 Bh6 61. Ke6 Be3 62. Kf6 Bd4+ 63. Kg6 Kd6 64. g5 Ke6 65. Kh7
Be5 66. g6 Bc7 67. g7 Ke5 68. g8=Q Kd4 69. Qg7+ Kc5 70. Qxc7 Kd4 71. Qd6+ Ke3
72. Qd2+ Kxd2 73. c7 Ke3 74. Bf5 Kf3 75. c8=Q Kf4 76. Qe6 Kf3 77. Qe5 Kg2 78.
Qf4 Kh1 79. Qd2 Kg1 80. Bh3 Kh1 81. Qg2# {Hossa checkmated} 1-0

[Event "ICS rated blitz match"]
[Site "204.178.125.65"]
[Date "2000.09.08"]
[Round "?"]
[White "Hossa"]
[Black "QueenMaxima"]
[Result "1-0"]
[WhiteElo "2556"]
[BlackElo "2487"]
[PlyCount "123"]
[EventDate "2000.??.??"]

1. e4 c5 2. Nf3 e6 3. d4 cxd4 4. Nxd4 Nc6 5. Nb5 Bc5 6. Nd6+ Kf8 7. Nc3 Qf6 8.
Qd2 Bb4 9. a3 Bxc3 10. bxc3 Qg6 11. f3 Nf6 12. Rb1 b6 13. a4 Qh5 14. Ba3 Kg8
15. Rb5 Qh4+ 16. g3 Qh6 17. Qxh6 gxh6 18. Rb1 Rb8 19. Rd1 Bb7 20. Be2 h5 21.
Rf1 h4 22. gxh4 h6 23. Rg1+ Kh7 24. Nxf7 Rhg8 25. Rg3 Rg7 26. Nd6 Ba8 27. f4
Rbg8 28. e5 Nd5 29. Ne4 Kh8 30. Nf6 Nxf6 31. exf6 Rf7 32. c4 a5 33. Bb2 Rgf8
34. Bh5 Rxf6 35. Rxd7 e5 36. Rgg7 Rd8 37. fxe5 Re6 38. Rh7+ Kg8 39. Rdg7+ Kf8
40. Bf7 Rxe5+ 41. Bxe5 Nxe5 42. Rg8+ Ke7 43. Bd5+ Kf6 44. Rxh6+ Ke7 45. Re6+
Kd7 46. Rxd8+ Kxd8 47. Rxe5 Bxd5 48. cxd5 Kd7 49. Re6 b5 50. h5 bxa4 51. h6 a3
52. Ra6 a2 53. Rxa5 Kd6 54. h7 a1=Q+ 55. Rxa1 Kxd5 56. Rd1+ Ke5 57. h8=Q+ Ke6
58. Kf2 Ke7 59. Qe5+ Kf7 60. Rd7+ Kg6 61. Rg7+ Kh6 62. Qg5# 1-0

[Event "ICS rated blitz match"]
[Site "204.178.125.65"]
[Date "2000.09.08"]
[Round "?"]
[White "LoadedGun"]
[Black "Hossa"]
[Result "0-1"]
[WhiteElo "2347"]
[BlackElo "2569"]
[PlyCount "64"]
[EventDate "2000.??.??"]

1. d4 d5 2. Nf3 e6 3. c4 Nf6 4. Bg5 dxc4 5. Nc3 Bb4 6. e4 h6 7. Bxf6 Qxf6 8.
Bxc4 c5 9. O-O Nd7 10. Rc1 cxd4 11. Nb5 O-O 12. Nc7 Rb8 13. Nxd4 Nb6 14. Qd3
Rd8 15. Rfd1 Bc5 16. Ncb5 Bxd4 17. Nxd4 e5 18. Qg3 Nxc4 19. Rxc4 Be6 20. Ra4
Ra8 21. a3 Rxd4 22. Rdxd4 exd4 23. Qd3 Rc8 24. Qd2 d3 25. Rxa7 Rc2 26. Qe1 d2
27. Qd1 Rc1 28. Ra8+ Kh7 29. g4 Rxd1+ 30. Kg2 Rg1+ 31. Kxg1 d1=Q+ 32. Kg2 Qff3#
0-1

[Event "ICS rated standard match"]
[Site "204.178.125.65"]
[Date "2000.09.08"]
[Round "?"]
[White "Hossa"]
[Black "BrazilianMaster"]
[Result "0-1"]
[WhiteElo "2320"]
[BlackElo "2559"]
[PlyCount "158"]
[EventDate "2000.??.??"]

1. e4 c5 2. Nf3 e6 3. d4 cxd4 4. Nxd4 Nf6 5. Nc3 d6 6. Be2 a6 7. O-O Be7 8. f4
Qc7 9. f5 O-O 10. fxe6 fxe6 11. Kh1 Nc6 12. Bc4 Nxd4 13. Qxd4 Bd7 14. Bg5 Rf7
15. Rf3 b5 16. Bb3 Raf8 17. Raf1 Bc8 18. a4 bxa4 19. Nxa4 Bd8 20. Nc3 Ng4 21.
Bxd8 Rxf3 22. Rxf3 Qxd8 23. Bc4 Ne5 24. Rxf8+ Qxf8 25. Be2 Kh8 26. Qa7 Nd7 27.
b4 h6 28. h3 Ne5 29. Qa8 Kg8 30. Nd1 Nd7 31. c3 g5 32. Bxa6 Bxa6 33. Qxa6 Qf4
34. Qc4 Kf7 35. Qd4 Nf6 36. Nf2 e5 37. Qa7+ Ke6 38. Qa2+ Ke7 39. Qc2 h5 40. Kg1
g4 41. hxg4 hxg4 42. Qe2 g3 43. Nd3 Qh4 44. Qe3 Nxe4 45. Ne1 Nf2 46. Kf1 Qc4+
47. Kg1 Ne4 48. Qa7+ Kf6 49. Qa8 Kf7 50. Qa7+ Kg6 51. Qb8 Qxc3 52. Qg8+ Kf5 53.
Qh7+ Kf4 54. Qf7+ Ke3 55. Qf3+ Kd4 56. Qd1+ Kc4 57. Qe2+ Kd5 58. Nc2 Nf6 59.
Qf3+ Qxf3 60. gxf3 Kc4 61. Ne3+ Kxb4 62. Nf5 d5 63. Nxg3 Kc3 64. Kf2 d4 65. Ke1
Kc2 66. Nf1 Nd5 67. Kf2 Kd1 68. Ng3 d3 69. Ne4 d2 70. Kg2 Ke2 71. Nf2 Ne3+ 72.
Kg3 Kf1 73. Nd3 d1=Q 74. Nxe5 Ke2 75. f4 Qe1+ 76. Kh3 Qf2 77. f5 Qf4 78. f6 Nf1
79. Nd3 Qg3# {Hossa checkmated} 0-1

[Event "ICS rated blitz match"]
[Site "204.178.125.65"]
[Date "2000.09.08"]
[Round "?"]
[White "Hossa"]
[Black "QueenMaxima"]
[Result "1/2-1/2"]
[WhiteElo "2576"]
[BlackElo "2476"]
[PlyCount "126"]
[EventDate "2000.??.??"]

1. e4 c5 2. Nf3 e6 3. d4 cxd4 4. Nxd4 Nc6 5. Nc3 Qc7 6. g3 d6 7. Ndb5 Qb8 8.
Bg2 a6 9. Nd4 e5 10. Nf5 Bxf5 11. exf5 Nge7 12. f6 gxf6 13. Ne4 Ng8 14. O-O f5
15. Nc3 Nf6 16. Re1 Bg7 17. Qf3 Qc8 18. Bg5 h6 19. Bxf6 Bxf6 20. Nd5 Bd8 21. c3
Rg8 22. Bh3 Rg5 23. Ne3 Ne7 24. Rad1 e4 25. Qf4 Rh5 26. Bf1 Bc7 27. Nc4 d5 28.
Nd6+ Bxd6 29. Qxd6 Qc6 30. Qe5 Rc8 31. h4 f6 32. Qf4 Kf8 33. Be2 Qe8 34. Qd6
Rc6 35. Bxh5 Rxd6 36. Bxe8 Kxe8 37. Re2 Rb6 38. h5 Kf7 39. Red2 Ke6 40. Kh2 Rb5
41. Kg2 Ke5 42. Kh3 Ra5 43. Ra1 f4 44. a4 Rc5 45. Rg1 f3 46. Re1 Rc4 47. Ra1
Kf5 48. Ra3 b6 49. a5 b5 50. Rd1 Kg5 51. Raa1 Kxh5 52. Rac1 Ra4 53. Ra1 Rc4 54.
Rac1 Ra4 55. Ra1 Rc4 56. Rac1 Ra4 57. Ra1 Rc4 58. Rac1 Ra4 59. Ra1 Rc4 60. Rac1
Ra4 61. Ra1 Rc4 62. Rac1 Ra4 63. Ra1 Rc4 1/2-1/2

[Event "ICS rated blitz match"]
[Site "204.178.125.65"]
[Date "2000.09.08"]
[Round "?"]
[White "Hossa"]
[Black "Awaitar"]
[Result "1-0"]
[WhiteElo "2572"]
[BlackElo "2202"]
[PlyCount "57"]
[EventDate "2000.??.??"]

1. e4 e6 2. d4 d5 3. Nc3 Bb4 4. e5 Ne7 5. a3 Bxc3+ 6. bxc3 b6 7. Nf3 Ba6 8.
Bxa6 Nxa6 9. Bg5 Qd7 10. Qe2 Nb8 11. c4 Nbc6 12. cxd5 Qxd5 13. c4 Nxd4 14. cxd5
Nxe2 15. d6 Nc3 16. Bxe7 Nd5 17. Bh4 cxd6 18. exd6 f6 19. Bg3 Kd7 20. Rd1 Rac8
21. Nd4 Rc5 22. O-O e5 23. Nb3 Rb5 24. Rd3 Rc8 25. a4 Nb4 26. Rd4 Nc6 27. axb5
Nxd4 28. Nxd4 exd4 29. Ra1 {Awaitar resigns} 1-0

[Event "ICS Rated blitz match"]
[Site "204.178.125.65"]
[Date "2000.09.08"]
[Round "?"]
[White "Hossa"]
[Black "ban"]
[Result "1-0"]
[WhiteElo "2575"]
[BlackElo "2854"]
[PlyCount "86"]
[EventDate "2000.??.??"]

1. e4 c5 2. Nf3 e6 3. d4 cxd4 4. Nxd4 Nc6 5. Nc3 Qc7 6. Be2 Nf6 7. O-O a6 8.
Be3 Bb4 9. Bg5 Bxc3 10. Bxf6 gxf6 11. bxc3 Qf4 12. Nxc6 dxc6 13. Qd4 e5 14. Qd6
Rg8 15. Rfe1 Bh3 16. g3 Rd8 17. Qc7 Bd7 18. Bc4 b5 19. Bxf7+ Kxf7 20. Qxd8 Rxd8
21. gxf4 Rg8+ 22. Kf1 exf4 23. Ke2 Bg4+ 24. f3 Bh3 25. Rg1 Rxg1 26. Rxg1 h5 27.
c4 bxc4 28. Rb1 Ke6 29. Rb6 Kd6 30. Rxa6 Be6 31. Ra5 h4 32. a4 Bc8 33. Rh5 h3
34. Kd2 c5 35. Rd5+ Kc6 36. Rd8 Be6 37. Rf8 Kb7 38. Rxf6 Bc8 39. Rxf4 Kb6 40.
Rf6+ Ka5 41. Kc3 Bd7 42. Kxc4 Bxa4 43. Kxc5 Bxc2 {ban resigns} 1-0

[Event "ICS rated blitz match"]
[Site "204.178.125.65"]
[Date "2000.09.08"]
[Round "?"]
[White "trischel"]
[Black "Hossa"]
[Result "0-1"]
[WhiteElo "2239"]
[BlackElo "2602"]
[PlyCount "80"]
[EventDate "2000.??.??"]

1. d4 d5 2. Nf3 Nf6 3. e3 e6 4. Bd3 c5 5. c3 Nbd7 6. Ne5 c4 7. Bc2 Nxe5 8. dxe5
Nd7 9. f4 Qh4+ 10. g3 Qh3 11. Qe2 Be7 12. Nd2 Nc5 13. Nf3 Ne4 14. Bxe4 dxe4 15.
Nd2 O-O 16. Qxc4 Bd7 17. Qf1 Qxf1+ 18. Nxf1 Bb5 19. Bd2 h5 20. O-O-O Be2 21.
Re1 Bc4 22. Kb1 Bd3+ 23. Kc1 Rfd8 24. h3 Kh7 25. Rd1 Bc4 26. Kb1 Be2 27. Kc1
Bxd1 28. Kxd1 Rd7 29. Kc2 Rad8 30. b3 Rd3 31. Rh2 R8d7 32. Re2 Rc7 33. Re1 Ba3
34. Re2 Rd8 35. Re1 b6 36. Re2 b5 37. Re1 Rd3 38. Kb1 Rc8 39. Rd1 Rcxc3 40. Nh2
Rxd2 {trischel resigns} 0-1

[Event "ICS rated blitz match"]
[Site "204.178.125.65"]
[Date "2000.09.08"]
[Round "?"]
[White "Hossa"]
[Black "trischel"]
[Result "1-0"]
[WhiteElo "2606"]
[BlackElo "2235"]
[PlyCount "23"]
[EventDate "2000.??.??"]

1. e4 Nf6 2. e5 Nd5 3. c4 Nb6 4. c5 Nd5 5. Nc3 e6 6. Bc4 Nxc3 7. dxc3 Bxc5 8.
Qg4 Bf8 9. Bg5 f6 10. exf6 gxf6 11. Qh5+ Ke7 12. Bxf6+ {trischel resigns} 1-0

[Event "ICS rated blitz match"]
[Site "204.178.125.65"]
[Date "2000.09.08"]
[Round "?"]
[White "trischel"]
[Black "Hossa"]
[Result "0-1"]
[WhiteElo "2232"]
[BlackElo "2609"]
[PlyCount "112"]
[EventDate "2000.??.??"]

1. d4 d5 2. Nf3 Nf6 3. e3 e6 4. Bd3 c5 5. c3 Nbd7 6. Ne5 c4 7. Bc2 Nxe5 8. dxe5
Nd7 9. f4 Qh4+ 10. g3 Qh3 11. Qe2 Be7 12. Nd2 Nc5 13. Nf3 Ne4 14. Bxe4 dxe4 15.
Nd2 O-O 16. Nxe4 b5 17. Nf2 Qg2 18. e4 Bb7 19. Qf1 Bxe4 20. Qxg2 Bxg2 21. Rg1
Bf3 22. Be3 Rfd8 23. Bd4 g6 24. Nd1 Rd7 25. Kf2 Be4 26. Ne3 Rad8 27. Rgd1 h5
28. Rd2 g5 29. Rg1 g4 30. Re1 Bf3 31. Rc2 a6 32. Rcc1 Kh7 33. Nc2 b4 34. a3
bxc3 35. bxc3 a5 36. Rb1 Rc8 37. Rb5 Bd8 38. Re3 h4 39. Ne1 Bd5 40. Nc2 h3 41.
Re1 Bf3 42. Ne3 Kh6 43. Reb1 Kg7 44. R1b2 Kh7 45. Rb8 Rdc7 46. Rxc8 Rxc8 47.
Rb5 Bc6 48. Rb2 Bf3 49. Rb1 Be7 50. Rb5 Bxa3 51. Rxa5 Bc1 52. Rc5 Ra8 53. Nf1
Ra2+ 54. Ke1 Re2+ 55. Kd1 Rxh2+ 56. Kxc1 Rh1 {trischel resigns} 0-1

[Event "ICS rated blitz match"]
[Site "204.178.125.65"]
[Date "2000.09.08"]
[Round "?"]
[White "Hossa"]
[Black "worst-of"]
[Result "1-0"]
[WhiteElo "2612"]
[BlackElo "1939"]
[PlyCount "31"]
[EventDate "2000.??.??"]

1. e4 c5 2. Nf3 e6 3. d4 cxd4 4. Nxd4 a6 5. Nc3 Qc7 6. Be2 Nf6 7. O-O b5 8. Bf3
e5 9. Nf5 Bb7 10. Bg5 d6 11. Bxf6 gxf6 12. Nd5 Bxd5 13. Qxd5 Nc6 14. Bh5 Rc8
15. Qe6+ Kd8 16. Qxf6+ {worst-of resigns} 1-0

[Event "ICS rated blitz match"]
[Site "204.178.125.65"]
[Date "2000.09.08"]
[Round "?"]
[White "Jossi"]
[Black "Hossa"]
[Result "0-1"]
[WhiteElo "1966"]
[BlackElo "2613"]
[PlyCount "50"]
[EventDate "2000.??.??"]

1. e4 e5 2. Nf3 Nc6 3. Bc4 Bc5 4. d3 Nf6 5. Be3 Bxe3 6. fxe3 d6 7. h3 Na5 8.
Bb3 Nxb3 9. axb3 g5 10. O-O g4 11. hxg4 Bxg4 12. Nbd2 O-O 13. Qe1 Bd7 14. Qh4
Ng4 15. Qxd8 Rfxd8 16. Rae1 Kg7 17. Ng5 h6 18. Nxf7 Rf8 19. Nxh6 Kxh6 20. Nf3
Kg7 21. Nh4 Rxf1+ 22. Rxf1 Nxe3 23. Rf2 Rf8 24. Rxf8 Kxf8 25. Ng6+ Kf7 {
Jossi resigns} 0-1

[Event "ICS rated blitz match"]
[Site "204.178.125.65"]
[Date "2000.09.08"]
[Round "?"]
[White "Hossa"]
[Black "Jossi"]
[Result "1-0"]
[WhiteElo "2614"]
[BlackElo "1965"]
[PlyCount "91"]
[EventDate "2000.??.??"]

1. e4 d5 2. Nc3 dxe4 3. Nxe4 Bf5 4. Ng3 Qd7 5. Nxf5 Qxf5 6. Bd3 Qe5+ 7. Qe2
Qxe2+ 8. Nxe2 c6 9. b3 Nf6 10. Bb2 Nbd7 11. a4 e6 12. a5 Be7 13. O-O O-O 14. a6
b6 15. Nd4 c5 16. Nc6 Bd6 17. Bb5 Nb8 18. f3 Nxc6 19. Bxc6 Rad8 20. Ra4 Nd5 21.
Rc4 Nf6 22. Bxf6 gxf6 23. g3 f5 24. Re1 Be7 25. d3 Bf6 26. Kg2 Rd4 27. Rxd4
Bxd4 28. f4 h6 29. Rc1 Rd8 30. c3 Bf6 31. Bb5 Rd6 32. Kf1 Kg7 33. Kf2 Kg6 34.
Ke2 h5 35. b4 cxb4 36. cxb4 Bd8 37. Rc8 h4 38. Ra8 hxg3 39. hxg3 Rd5 40. Bc6
Rd6 41. b5 f6 42. Rxa7 e5 43. Rd7 Rxd7 44. Bxd7 exf4 45. gxf4 Bc7 46. a7 {
Jossi resigns} 1-0

[Event "ICS rated blitz match"]
[Site "204.178.125.65"]
[Date "2000.09.08"]
[Round "?"]
[White "Jossi"]
[Black "Hossa"]
[Result "0-1"]
[WhiteElo "1964"]
[BlackElo "2615"]
[PlyCount "62"]
[EventDate "2000.??.??"]

1. e4 e6 2. Nf3 Nf6 3. Nc3 d5 4. exd5 exd5 5. d4 Be7 6. Bd3 Nc6 7. O-O Nb4 8.
a3 Nxd3 9. Qxd3 O-O 10. Bg5 c6 11. Rfe1 Re8 12. Ne2 h6 13. Bxf6 Bxf6 14. c3 Qb6
15. b4 Qc7 16. Ng3 Bg4 17. Rxe8+ Rxe8 18. Re1 Rxe1+ 19. Nxe1 Qf4 20. f3 Qc1 21.
Qe2 Bd7 22. Kf2 Qxc3 23. Qd3 Bxd4+ 24. Ke2 Qb2+ 25. Nc2 Bg1 26. Nf5 Bxh2 27.
Ne7+ Kf8 28. Nf5 Qc1 29. Nce3 Be5 30. Ng4 Bc3 31. Nd6 Qe1# {Jossi checkmated}
0-1

[Event "ICS rated blitz match"]
[Site "204.178.125.65"]
[Date "2000.09.08"]
[Round "?"]
[White "Hossa"]
[Black "Jossi"]
[Result "1-0"]
[WhiteElo "2616"]
[BlackElo "1963"]
[PlyCount "51"]
[EventDate "2000.??.??"]

1. e4 d5 2. exd5 Qxd5 3. Nc3 Qa5 4. d4 c6 5. Nf3 Bg4 6. Be2 Nf6 7. O-O e6 8.
Ne5 Bxe2 9. Nxe2 Bb4 10. c3 Bd6 11. Nc4 Qc7 12. Nxd6+ Qxd6 13. Bf4 Qd7 14. Be5
Qe7 15. Qb3 O-O 16. Bxf6 gxf6 17. c4 Qc7 18. Qh3 Kh8 19. Qh6 Qe7 20. Rfe1 Rg8
21. Nf4 f5 22. d5 Qg5 23. Qxg5 Rxg5 24. dxe6 fxe6 25. Nxe6 Rg4 26. Nc7 {
Jossi resigns} 1-0

[Event "ICS rated blitz match"]
[Site "204.178.125.65"]
[Date "2000.09.08"]
[Round "?"]
[White "Jossi"]
[Black "Hossa"]
[Result "1/2-1/2"]
[WhiteElo "1962"]
[BlackElo "2617"]
[PlyCount "44"]
[EventDate "2000.??.??"]

1. e4 e5 2. Nf3 Nc6 3. Bc4 Bc5 4. d3 Nf6 5. Be3 Bxe3 6. fxe3 d6 7. Nc3 Na5 8.
Bb3 Nxb3 9. axb3 O-O 10. O-O Ng4 11. Qe2 Bd7 12. h3 Nf6 13. Nh2 h5 14. Rf2 Qe7
15. Raf1 c6 16. Rxf6 gxf6 17. Qxh5 Rfd8 18. Ng4 Bxg4 19. Qxg4+ Kf8 20. Qf5 Kg7
21. Qg4+ Kf8 22. Qf5 Kg7 1/2-1/2

[Event "ICS rated blitz match"]
[Site "204.178.125.65"]
[Date "2000.09.08"]
[Round "?"]
[White "Hossa"]
[Black "QueenMaxima"]
[Result "0-1"]
[WhiteElo "2602"]
[BlackElo "2503"]
[PlyCount "142"]
[EventDate "2000.??.??"]

1. e4 c5 2. Nf3 e6 3. d4 cxd4 4. Nxd4 Nc6 5. Nc3 Qc7 6. Be2 a6 7. O-O Nf6 8.
Kh1 Be7 9. Be3 O-O 10. f4 d6 11. Qe1 Nxd4 12. Bxd4 b5 13. e5 dxe5 14. fxe5 Nd7
15. Bf3 Rb8 16. Qe2 b4 17. Nd1 Rb5 18. Re1 Bc5 19. c3 Bb7 20. Bxb7 Qxb7 21. Qg4
bxc3 22. bxc3 Bxd4 23. cxd4 Rc8 24. Re3 Rb1 25. Rg3 g6 26. Rxb1 Qxb1 27. Rb3
Qxa2 28. Rd3 Rc1 29. Qf3 Qc2 30. h4 a5 31. Qa8+ Nf8 32. Qf3 a4 33. h5 a3 34.
hxg6 hxg6 35. Rxa3 Qxd1+ 36. Qxd1 Rxd1+ 37. Kh2 Rxd4 38. Ra7 Nd7 39. Ra5 Rd5
40. Ra8+ Kg7 41. Kg3 Nxe5 42. Rc8 Rd4 43. Re8 Kf6 44. Ra8 Kf5 45. Ra1 Rd3+ 46.
Kf2 Rd2+ 47. Kg3 Ke4 48. Ra4+ Ke3 49. Ra5 Nd3 50. Rb5 e5 51. Kh2 e4 52. Kg3 f5
53. Rb6 Ne1 54. Rb3+ Kd4 55. Rb4+ Kc3 56. Rb1 Rxg2+ 57. Kh3 Re2 58. Rc1+ Kd4
59. Kh4 Nd3 60. Rg1 Rh2+ 61. Kg3 Rh5 62. Ra1 f4+ 63. Kg4 f3 64. Kg3 f2 65. Kg4
Ne1 66. Ra4+ Ke3 67. Ra3+ Kd2 68. Kg3 f1=Q 69. Ra2+ Nc2 70. Rxc2+ Kxc2 71. Kg4
Qf3# {Hossa checkmated} 0-1